[Event "Tabor op"]
[Site "Tabor"]
[Date "2010.08.03"]
[Round "4"]
[White "Sakar, Milos"]
[Black "Skalicky, Tomas"]
[Result "1/2-1/2"]
[WhiteElo "2087"]
[BlackElo "1809"]
[PlyCount "129"]
[EventDate "2010.08.01"]
[EventType "swiss"]
[EventRounds "9"]
[EventCountry "CZE"]
[SourceTitle "EXT 2012"]
[Source "ChessBase"]
[SourceDate "2011.11.24"]
[SourceVersion "1"]
[SourceVersionDate "2011.11.24"]
[SourceQuality "1"]

1. c4 e6 2. Nc3 Nf6 3. g3 d5 4. cxd5 exd5 5. d4 Be7 6. Bg2 0-0 7. Nf3 Nbd7 8. 0-0 Re8 9. e3 c6 10. Rb1 Ne4 11. Nd2 Nxd2 12. Bxd2 Nf6 13. b4 Bf5 14. Rb2 a6 15. a4 Bd3 16. Re1 b5 17. Bf1 Bc4 18. Qc2 Bf8 19. Bg2 a5 20. bxa5 b4 21. Nb1 Rb8 22. Bf1 Bxf1 23. Rxf1 Qxa5 24. Qb3 c5 25. dxc5 Bxc5 26. Rc1 d4 27. Rbc2 Ne4 28. Qd5 Nc3 29. Qc4 dxe3 30. Bxe3 Bxe3 31. fxe3 Rxe3 32. Nxc3 bxc3 33. Rxc3 Rxc3 34. Rxc3 g6 35. Rf3 Rb1+ 36. Kg2 Rb2+ 37. Rf2 Qa8+ 38. Kg1 Rb1+ 39. Rf1 Qa7+ 40. Kg2 Rb2+ 41. Kh3 Qd7+ 42. g4 h5 43. Rf4 Rd2 44. Kg3 Qd3+ 45. Qxd3 Rxd3+ 46. Rf3 Rd4 47. Ra3 Rxg4+ 48. Kf3 Kf8 49. a5 Rc4 50. a6 Rc8 51. Ke4 Ke7 52. Kd5 Kd7 53. Rf3 Ke7 54. a7 Ra8 55. Ra3 Kd7 56. Kc5 Kc7 57. Rf3 f5 58. Rg3 Rxa7 59. Rxg6 Ra5+ 60. Kd4 Ra2 61. Ke5 Rxh2 62. Kxf5 Rf2+ 63. Kg5 Rg2+ 64. Kxh5 Rxg6 65. Kxg6 1/2-1/2

[Event "Nachod op"]
[Site "Nachod"]
[Date "2009.07.10"]
[Round "7"]
[White "Sakar, Milos"]
[Black "Soural, Jan"]
[Result "1-0"]
[WhiteElo "2050"]
[BlackElo "2207"]
[PlyCount "93"]
[EventDate "2009.07.04"]
[EventType "swiss"]
[EventRounds "9"]
[EventCountry "CZE"]
[SourceTitle "CBM 131 Extra"]
[Source "ChessBase"]
[SourceDate "2009.09.03"]
[SourceVersion "2"]
[SourceVersionDate "2009.09.16"]
[SourceQuality "1"]

1. d4 g6 2. c4 Bg7 3. Nc3 c5 4. e3 Nf6 5. Nf3 0-0 6. Be2 cxd4 7. Nxd4 Nc6 8. 0-0 d6 9. b3 Bd7 10. Bb2 Qa5 11. a3 Rfc8 12. f4 Qd8 13. Qd2 Na5 14. Bd1 a6 15. Bc2 Be8 16. Rab1 Rab8 17. Qe2 Qd7 18. Rfd1 b6 19. Nf3 b5 20. cxb5 axb5 21. Nd5 Nxd5 22. Rxd5 Bxb2 23. Rxb2 Qc6 24. Rd1 Qc3 25. Rdb1 Nc6 26. Be4 Bd7 27. Qd2 Qc5 28. Ra1 Qb6 29. Rc2 Na5 30. Rb2 Rc7 31. Bd3 Be6 32. Nd4 Bd7 33. b4 Nc4 34. Bxc4 Rxc4 35. Rc2 Rxc2 36. Nxc2 Rc8 37. Nd4 e5 38. fxe5 dxe5 39. Nf3 Bf5 40. Rc1 Rd8 41. Qf2 f6 42. Rc5 Rd3 43. Ne1 Rxa3 44. e4 Bd7 45. Rc8+ Bxc8 46. Qxb6 Rc3 47. Qxf6 1-0

[Event "SVK-ch op-A"]
[Site "Banska Stiavnica"]
[Date "2007.07.09"]
[Round "3.28"]
[White "Sakar, Milos"]
[Black "Kubala, Jan"]
[Result "1/2-1/2"]
[WhiteElo "2078"]
[BlackElo "2247"]
[PlyCount "103"]
[EventDate "2007.07.07"]
[EventType "swiss"]
[EventRounds "9"]
[EventCountry "SVK"]
[SourceTitle "EXT 2010"]
[Source "ChessBase"]
[SourceDate "2010.11.25"]
[SourceVersion "1"]
[SourceVersionDate "2010.11.25"]
[SourceQuality "1"]

1. c4 Nf6 2. Nc3 g6 3. g3 Bg7 4. Bg2 0-0 5. Nf3 d6 6. d4 Nbd7 7. 0-0 c6 8. b3 e5 9. dxe5 dxe5 10. Bb2 Re8 11. Qd6 Bf8 12. Qd2 Qc7 13. Rad1 Nc5 14. Qg5 Bg7 15. Qe3 b6 16. h3 Bb7 17. b4 Ncd7 18. Nd2 Bf8 19. a3 c5 20. Bxb7 Qxb7 21. b5 e4 22. Qf4 Rad8 23. Qe3 Bg7 24. Ba1 Ne5 25. Ncb1 Qd7 26. Kg2 Qf5 27. Qf4 Nh5 28. Qxf5 gxf5 29. Nc3 Rd7 30. Nd5 Red8 31. Bxe5 Bxe5 32. Nb3 f4 33. g4 Nf6 34. Nxf6+ Bxf6 35. Rxd7 Rxd7 36. f3 e3 37. a4 Kg7 38. Rh1 Kg6 39. Re1 Be5 40. Kf1 f5 41. a5 Kg5 42. Rb1 Rd6 43. Kg2 Kh4 44. Rc1 Kg5 45. Rb1 Kf6 46. a6 Bc3 47. Nxc5 bxc5 48. b6 Bb4 49. b7 Rd8 50. Rd1 Bd2 51. Rb1 Bb4 52. Rd1 1/2-1/2

[Event "SVK-ch op-A"]
[Site "Banska Stiavnica"]
[Date "2007.07.08"]
[Round "2.55"]
[White "Krc, Milan"]
[Black "Sakar, Milos"]
[Result "0-1"]
[WhiteElo "1883"]
[BlackElo "2078"]
[PlyCount "88"]
[EventDate "2007.07.07"]
[EventType "swiss"]
[EventRounds "9"]
[EventCountry "SVK"]
[SourceTitle "EXT 2010"]
[Source "ChessBase"]
[SourceDate "2010.11.25"]
[SourceVersion "1"]
[SourceVersionDate "2010.11.25"]
[SourceQuality "1"]

1. c4 Nf6 2. Nc3 c5 3. g3 Nc6 4. Bg2 g6 5. Nf3 Bg7 6. 0-0 0-0 7. e4 e6 8. d3 h6 9. Be3 b6 10. h3 Bb7 11. Qd2 Kh7 12. a3 Ng8 13. Rab1 Qe7 14. Ne2 a5 15. Nc3 f5 16. exf5 gxf5 17. Na4 Qd8 18. Nc3 Rb8 19. b3 Qf6 20. Nb5 e5 21. Qc2 Nge7 22. Bd2 Ba6 23. Nc7 Bb7 24. b4 axb4 25. axb4 Nd4 26. Nxd4 Bxg2 27. Kxg2 cxd4 28. Nb5 Rfe8 29. Qb3 Red8 30. Na3 d5 31. Rfe1 Rbc8 32. cxd5 Nxd5 33. Nc4 Qc6 34. Kg1 e4 35. b5 Qg6 36. Kh2 Rg8 37. Nb2 Nc3 38. Rbc1 Be5 39. Rg1 e3 40. Be1 f4 41. Nc4 Bb8 42. Nxb6 exf2 43. Bxf2 fxg3+ 44. Kh1 g2+ 0-1

[Event "SVK-ch op-A"]
[Site "Banska Stiavnica"]
[Date "2007.07.07"]
[Round "1"]
[White "Sakar, Milos"]
[Black "Jurcik, Marian"]
[Result "0-1"]
[WhiteElo "2078"]
[BlackElo "2367"]
[PlyCount "68"]
[EventDate "2007.07.07"]
[EventType "swiss"]
[EventRounds "9"]
[EventCountry "SVK"]
[SourceTitle "CBM 119 Extra"]
[Source "ChessBase"]
[SourceDate "2007.09.04"]
[SourceVersion "1"]
[SourceVersionDate "2007.09.04"]
[SourceQuality "1"]

1. c4 e5 2. Nc3 Nf6 3. g3 d5 4. cxd5 Nxd5 5. Bg2 Be6 6. Qb3 Nb4 7. Qd1 N8c6 8. a3 Nd5 9. e3 Qd7 10. Nge2 0-0-0 11. Qa4 Nb6 12. Bxc6 Nxa4 13. Bxd7+ Bxd7 14. Nxa4 Bxa4 15. 0-0 Be7 16. f4 Bb5 17. Re1 Bxe2 18. Rxe2 e4 19. b4 Bf6 20. Ra2 Rd3 21. Rc2 Rb3 22. Kf2 Rd8 23. Rc4 Rb1 24. Re1 Bb2 25. Ke2 f5 26. Rc2 Bf6 27. Rd1 Rd3 28. h3 h5 29. g4 hxg4 30. hxg4 fxg4 31. Rc4 g3 32. Rxe4 Rxa3 33. Rc4 Raa1 34. d4 Be7 0-1

[Event "CZE-chT1W 0607"]
[Site "Czech Republic"]
[Date "2007.03.04"]
[Round "9.5"]
[White "Sodoma, Jan"]
[Black "Sakar, Milos"]
[Result "1-0"]
[WhiteElo "2273"]
[BlackElo "2095"]
[PlyCount "57"]
[EventDate "2006.10.29"]
[EventType "team"]
[EventRounds "11"]
[EventCountry "CZE"]
[SourceTitle "EXT 2009"]
[Source "ChessBase"]
[SourceDate "2008.11.26"]
[SourceVersion "1"]
[SourceVersionDate "2008.11.26"]
[SourceQuality "1"]
[WhiteTeam "Bohemians"]
[BlackTeam "Praha Dukla"]
[WhiteTeamCountry "CZE"]
[BlackTeamCountry "CZE"]

1. e4 e6 2. d4 d5 3. e5 c5 4. c3 Nc6 5. Nf3 Bd7 6. dxc5 Qc7 7. Bf4 Bxc5 8. Bd3 Qb6 9. Qe2 f6 10. 0-0 g5 11. Bg3 g4 12. Nh4 f5 13. Nxf5 exf5 14. e6 Bc8 15. Be5 Nf6 16. Bxf6 Rf8 17. Bh4 Be7 18. Bxe7 Nxe7 19. Na3 a6 20. Rfe1 Rf6 21. Qe5 Qxe6 22. Qd4 Qd6 23. Re5 Kf7 24. Rae1 Be6 25. Nc4 Qc7 26. Qe3 d4 27. Qe2 Rh6 28. g3 Qc6 29. Rxf5+ 1-0